00592cam a22002171 4500001001300000003000400013005001700017008004100034010001700075025002000092035002000112040002300132042001200155050001800167100002400185245005500209260005200264300001800316600002300334999001700357sa 65006623 DLC20260227112143.0850918s1963 io 000 0 ind  asa 65006623  aPL480:Indo-1477 a(OCoLC)12572301 aDLCcKyUdKyUdDLC apremarc00aLA2385.D4bT31 aTauchid, Mochammad.10aPerdjuangan dan adjaran hidup Ki Hadjar Dewantara. aJogjakarta,bMadjelis Luhur Taman Siswa,c1963. a68 p.c22 cm.10aDewantara, Hadjar. c64751d64751